=LDR 00000nam 2200000 4500 =001 INLIS000000000012335 =005 20130612103852 =008 ***********************************Ind** =035 ##$$0010-061300000012335 =041 ##$$a Ind =082 ##$$a 658.406 =090 ##$$a 658.406, Har m =100 ##$$a Hardingham, Alison =245 ##$$a Memetik manfaat dari perubahan, Alison Hardingham ; alih bahasa surya satyanegara =260 ##$$a 1994 $b Jakarta =300 ##$$a 187 hlm., Ilus, 21 cm =650 ##$$a Organisasi, Perubahan =700 ##$$a Satyanegara, Surya =850 ##$$a NBPNMAT